00510nam a2200181Ii 45000010005000000030009000050080041000140400033000550410008000880820017000961000018001132450042001312640062001733000012002353360026002473370028002733380027003015475CO-ViMGA241108s9999||||xx |||||||||||||| ||und|| aCO-ViMGAbspaerdacCO-ViMGA0 aunk04a823.912-O79m1 aGeorge Orwell10a1984=Mil novecientos ochenta y cuatro 1a[Lugar de publicación no identificado] : Editores, 1970 avolumen atextbtxt2rdacontent aunmediatedbn2rdamedia avolumebnc2rdacarrier